书目信息 |
| 题名: |
幼儿园课程与活动设计
|
|
| 作者: | 朱家雄 主编 | |
| 分册: | ||
| 出版信息: | 北京 中央广播电视大学出版社 2011 |
|
| 页数: | 263页 | |
| 开本: | 23cm | |
| 丛书名: | ||
| 单 册: | ||
| 中图分类: | G612 , G613 | |
| 科图分类: | ||
| 主题词: | 幼儿园--课程--广播电视大学--教材 , 幼儿园--教学活动--设计--广播电视大学--教材 , 幼儿园 , 课程 , 教学活动 | |
| 电子资源: | ||
| ISBN: | 978-7-304-05148-8 | |
| 000 | 00991nam0 2200301 450 | |
| 001 | 012001003659 | |
| 005 | 20130126153008.0 | |
| 010 | @a978-7-304-05148-8@dCNY25.00 | |
| 100 | @a20111015d2011 em y0chiy50 ea | |
| 101 | 0 | @achi |
| 102 | @aCN@b110000 | |
| 105 | @ay z 000yy | |
| 106 | @ar | |
| 200 | 1 | @a幼儿园课程与活动设计@9you er yuan ke cheng yu huo dong she ji@f朱家雄主编 |
| 210 | @a北京@c中央广播电视大学出版社@d2011 | |
| 215 | @a263页@d23cm | |
| 300 | @a中央广播电视大学教材 | |
| 330 | @a本书介绍了幼儿园课程的基本理论、幼儿园教育活动设计的两种模式和基本原理、不同性质幼儿园教育活动的组合技术、幼儿园教育活动的实施问题等内容。 | |
| 606 | 0 | @a幼儿园@x课程@x广播电视大学@j教材 |
| 606 | 0 | @a幼儿园@x教学活动@x设计@x广播电视大学@j教材 |
| 606 | 0 | @a幼儿园 |
| 606 | 0 | @a课程 |
| 606 | 0 | @a教学活动 |
| 690 | @aG612@v4 | |
| 690 | @aG613@v4 | |
| 701 | 0 | @a朱家雄@9zhu jia xiong@f(1947~)@4主编 |
| 801 | 0 | @aCN@b江苏凤凰@c20191020 |
| 905 | @b1218459-62@dG612@e746@f4 | |
| 幼儿园课程与活动设计/朱家雄主编.-北京:中央广播电视大学出版社,2011 |
| 263页;23cm |
| 中央广播电视大学教材 |
| ISBN 978-7-304-05148-8:CNY25.00 |
| 本书介绍了幼儿园课程的基本理论、幼儿园教育活动设计的两种模式和基本原理、不同性质幼儿园教育活动的组合技术、幼儿园教育活动的实施问题等内容。 |
| ● |
| 相关链接 |
|
|
|
|
正题名:幼儿园课程与活动设计
索取号:G612/746
 
预约/预借
| 序号 | 登录号 | 条形码 | 馆藏地/架位号 | 状态 | 备注 |
| 1 | 1218459 | 212184599 | 第一样本阅览室/ [索取号:G612/746] | 在馆 | |
| 2 | 1218460 | 212184606 | 教育系资料室/ [索取号:G612/746] | 在馆 | |
| 3 | 1218461 | 212184615 | 教育系资料室/ [索取号:G612/746] | 在馆 | |
| 4 | 1218462 | 212184624 | 第四借阅区/ [索取号:G612/746] | 在馆 |